Commercial Drafting & Detailing 3rd ed. (Record no. 930445)

MARC details
000 -LEADER
fixed length control field 00273nam a2200097Ia 4500
008 - FIXED-LENGTH DATA ELEMENTS--GENERAL INFORMATION
fixed length control field 231107s2016 xx 000 0 und d
041 ## - LANGUAGE CODE
Language code of text/sound track or separate title eng
100 ## - MAIN ENTRY--PERSONAL NAME
Personal name Jefferis Alan
245 ## - TITLE STATEMENT
Title Commercial Drafting & Detailing 3rd ed.
260 ## - PUBLICATION, DISTRIBUTION, ETC.
Place of publication, distribution, etc. Australia
Name of publisher, distributor, etc. Delmar Cengage Learning
Date of publication, distribution, etc. 2016
Holdings
Withdrawn status Lost status Damaged status Not for loan Home library Current library Date acquired Cost, normal purchase price Total Checkouts Barcode Date last seen Price effective from Koha item type
        College of Architecture, Navi Mumbai College of Architecture, Navi Mumbai 08/11/2023 7942.00   ARM-A-8774 08/11/2023 08/11/2023 Book